000 00739nam a22002535i 4500
001 168875
003 ES-MaACL
005 20250710062733.0
008 080618s2001 fr |||| | fre d
020 _a2-13-052104-5
080 _a164.031
080 _a808.5
100 1 _aOlerón, Pierre.
_986702
245 1 2 _aL'argumentation /
_cPierre Oléron.
250 _a5e. ed.
260 _aParis :
_bPresses Universitaires de France,
_c[2001]
300 _a126 p. ;
_c18 cm.
490 1 _aQue sais-je? ;
_v2087
650 1 4 _aRaciocinio.
_916643
650 0 4 _aRetórica.
_916882
830 0 0 _aQue sais-je?
_v2087
_9180931
852 _aES-MaACL
_jE-12210
_9R.190389
_z.- Biblioteca Jacinto Martínez Lacalle
999 _c168875
_d168875